MARC details
| 000 -CABECERA |
| campo de control de longitud fija |
01019cam a2200265 a 4500 |
| 001 - NÚMERO DE CONTROL |
| campo de control |
000010380 |
| 005 - FECHA Y HORA DE LA ÚLTIMA TRANSACCIÓN |
| campo de control |
20200929162227.0 |
| 008 - DATOS DE LONGITUD FIJA--INFORMACIÓN GENERAL |
| campo de control de longitud fija |
931028s1990 sp 001 0 spa d |
| 020 ## - NÚMERO INTERNACIONAL ESTÁNDAR DEL LIBRO |
| Número Internacional Estándar del Libro |
8476440553 |
| 035 ## - NÚMERO DE CONTROL DEL SISTEMA |
| Número de control de sistema |
(DLC) 93224615 |
| 035 ## - NÚMERO DE CONTROL DEL SISTEMA |
| Número de control de sistema |
(OCoLC)24140947 |
| 040 ## - FUENTE DE LA CATALOGACIÓN |
| Centro catalogador/agencia de origen |
DO-SdBNP |
| Centro/agencia transcriptor |
NSbSU |
| Centro/agencia modificador |
BNPHU |
| 082 ## - NÚMERO DE LA CLASIFICACIÓN DECIMAL DEWEY |
| Número de clasificación |
862.64 |
| Número de documento/Ítem |
B465h |
| 049 ## - FONDOS LOCALES (OCLC) |
| Fondos de biblioteca |
BNGR |
| 100 1# - ENTRADA PRINCIPAL--NOMBRE DE PERSONA |
| Nombre de persona |
Benet i Jornet, Josep M., |
| Forma completa/desarrollada del nombre |
(Josep María Benet i Jornet), |
| Fechas asociadas al nombre |
1940- |
| 9 (RLIN) |
25390 |
| 245 10 - MENCIÓN DE TÍTULO |
| Título |
Historia del virtuoso caballero Tirant lo Blanc / |
| Mención de responsabilidad, etc. |
Josep M. Benet i Jornet ; traducción de Sergio Mustieles Rebullida. |
| 260 ## - PUBLICACIÓN, DISTRIBUCIÓN, ETC. |
| Lugar de publicación, distribución, etc. |
Madrid : |
| Nombre del editor, distribuidor, etc. |
Antonio Machado, |
| Fecha de publicación, distribución, etc. |
1990. |
| 300 ## - DESCRIPCIÓN FÍSICA |
| Extensión |
135 ; |
| Dimensiones |
17 cm. |
| 490 1# - MENCIÓN DE SERIE |
| Mención de serie |
Biblioteca Antonio Machado de teatro |
| Designación de volumen o secuencia |
49 |
| Mención de serie |
Teatro de autores españoles |
| 650 #4 - PUNTO DE ACCESO ADICIONAL DE MATERIA--TÉRMINO DE MATERIA |
| Término de materia o nombre geográfico como elemento de entrada |
Teatro español |
| 9 (RLIN) |
3071 |
| 650 #4 - PUNTO DE ACCESO ADICIONAL DE MATERIA--TÉRMINO DE MATERIA |
| Término de materia o nombre geográfico como elemento de entrada |
Literatura española |
| Subdivisión cronológica |
SIGLO XX |
| 9 (RLIN) |
3326 |
| 700 1# - PUNTO DE ACCESO ADICIONAL--NOMBRE DE PERSONA |
| Nombre de persona |
Mustieles Rebullida, Sergio, |
| Término indicativo de función/relación |
tr. |
| 9 (RLIN) |
25391 |
| 830 #0 - PUNTO DE ACCESO ADICIONAL DE SERIE-TÍTULO UNIFORME |
| Título uniforme |
Biblioteca Antonio Machado de teatro ; |
| Designación de volumen o secuencia |
49 |
| Nombre de parte o sección de la obra |
Teatro de autores españoles |
| 9 (RLIN) |
24561 |
| 910 ## - DATOS DE OPCIÓN DEL USUARIO (OCLC) |
| Datos de opción del usuario |
Catalogación por copia / LC |